Central Library OPAC University of Rajshahi

Mathematical and statistical methods for genetic analysis / (Record no. 12607)

MARC details
000 -LEADER
fixed length control field 01167mam a2200349 a 4500
001 - CONTROL NUMBER
control field 12607
003 - CONTROL NUMBER IDENTIFIER
rucl marc code BD-RjUL
005 - DATE AND TIME OF LATEST TRANSACTION
control field 20211208235326.0
008 - FIXED-LENGTH DATA ELEMENTS--GENERAL INFORMATION
fixed length control field 140129r20042002ii a b 001 0 eng d
020 ## - INTERNATIONAL STANDARD BOOK NUMBER
International Standard Book Number 8181281136
035 ## - SYSTEM CONTROL NUMBER
System control number (OCoLC)ocm48170937
System control number (BD-RjUL)12656
040 ## - CATALOGING SOURCE
Original cataloging agency DLC
Transcribing agency DLC
Modifying agency C#P
-- NNC-M
-- OrLoB-B
-- BD-RjUL
Language of cataloging eng
041 ## - LANGUAGE CODE
Language code of text/sound track or separate title eng
082 00 - DEWEY DECIMAL CLASSIFICATION NUMBER
Classification number 576.50151
Edition number 21
Author mark and year LAM 2004
100 1# - MAIN ENTRY--PERSONAL NAME
Personal name Lange, Kenneth.
9 (RLIN) 39268
245 10 - TITLE STATEMENT
Title Mathematical and statistical methods for genetic analysis /
Statement of responsibility, etc. by Kenneth Lange.
250 ## - EDITION STATEMENT
Edition statement 2nd ed.
260 ## - PUBLICATION, DISTRIBUTION, ETC. (IMPRINT)
Place of publication, distribution, etc. New Delhi :
Name of publisher, distributor, etc. Rajkamal Electric Press,
Date of publication, distribution, etc. c2002 [reprinted 2004].
300 ## - PHYSICAL DESCRIPTION
Pagination xvii, 367 p. :
Illustrations ill. ;
Size 23 cm.
490 1# - SERIES STATEMENT
Series statement Statistics for biology and health
504 ## - BIBLIOGRAPHY, ETC. NOTE
Bibliography, etc Includes bibliographical references and index.
650 #0 - SUBJECT ADDED ENTRY--TOPICAL TERM
Topical term or geographic name as entry element Genetics
General subdivision Mathematical models.
9 (RLIN) 37660
Topical term or geographic name as entry element Genetics
General subdivision Statistical methods.
9 (RLIN) 39269
Topical term or geographic name as entry element Genetic Techniques.
9 (RLIN) 39270
Topical term or geographic name as entry element Models, Genetic.
9 (RLIN) 39271
Topical term or geographic name as entry element Models, Statistical.
9 (RLIN) 39272
830 #0 - SERIES ADDED ENTRY--UNIFORM TITLE
Uniform title Statistics for biology and health.
942 ## - ADDED ENTRY ELEMENTS (KOHA)
Source of classification or shelving scheme Dewey Decimal Classification
Koha item type Books
Holdings
Lost status Source of classification or shelving scheme Damaged status Not for loan Collection code Permanent Location Current Location Shelving location Date acquired Source of acquisition Cost, normal purchase price Total Checkouts Full call number Date last seen Copy number Koha item type Date checked out
  Dewey Decimal Classification     Non-fiction Central Library, University of Rajshahi Central Library, University of Rajshahi   23/03/2011 Dhaka, Paragon Enterprises Ltd. 595.00   576.50151 LAM 2004 29/01/2014 C-2 Books  
  Dewey Decimal Classification   Not For Loan Non-fiction Central Library, University of Rajshahi Central Library, University of Rajshahi Reading Room 23/03/2011 Dhaka, Paragon Enterprises Ltd. 595.00   576.50151 LAM 2004 18/04/2017 C-1 Books  
  Dewey Decimal Classification     Non-fiction Central Library, University of Rajshahi Central Library, University of Rajshahi   23/03/2011 Dhaka, Paragon Enterprises ltd. 595.00 1 576.50151 LAM 2004 05/02/2019 C-3 Books 28/01/2019